000 00555nam a22001697a 4500
005 20251108165453.0
008 250721s1968 xx 000 0 ara d
082 1 4 _aم/028.7/عمر
100 1 _aالدقاق، عمر
245 1 0 _aمصادر التراث العربي في اللغة و المعاجم و الأدب و التراجم /
264 1 _aحلب :
_bالمكتبة العربية،
_c1968.
300 _a331ص
650 1 7 _aالمواد المرجعية
650 1 7 _aإستخدام المراجع
942 _2ddc
_cREF
999 _c28704
_d28704